000 00290nam a22001217a 4500
008 170627b xxu||||| |||| 00| 0 eng d
041 _aeng
080 _a329
100 _a21
101 _aSHP
245 _aPOLITICAQL PARTIES AND PRIMARES IN KENTUCKY
_cMILLER.P.M
942 _2udc
_cBK
999 _c19141
_d19141